00370nam a2200145Ia 4500008004100000020001500041041000800056082001900064100002000083245004200103260003100145300001600176365001100192650002100203210719s1995 xx 000 0 und d a8170294479 aeng a001.6424C PARO aPARSONS (David) aObject oriented programming with C++. aNDbBPB publicationsc1995 avii,319bPB b99cRs aComputer Science